000 01285nam a2200349Ia 4500
001 ebr10660362
003 CaPaEBR
006 m u
007 cr cn|||||||||
008 080804s2008 nyua sb 001 0 eng d
010 _z 2008034336
020 _z1606921037 (hardcover)
020 _z9781606921036 (hardcover)
020 _z9781606924280
020 _z9781607416739
020 _z9781608763450
040 _aCaPaEBR
_cCaPaEBR
035 _a(OCoLC)844348014
050 1 4 _aRM666.S714
_bS728 2008eb
082 0 4 _a615/.718
_222
245 0 0 _aStatins
_h[electronic resource] /
_cGunnar N. Holmqvist (editor).
260 _aNew York :
_bNova Science Publishers,
_cc2008.
300 _axi, 205 p. :
_bill.
504 _aIncludes bibliographical references and index.
533 _aElectronic reproduction.
_bPalo Alto, Calif. :
_cebrary,
_d2013.
_nAvailable via World Wide Web.
_nAccess may be limited to ebrary affiliated libraries.
650 0 _aStatins (Cardiovascular agents)
650 0 _aAnticholesteremic agents.
655 7 _aElectronic books.
_2local
700 1 _aHolmqvist, Gunnar N.
710 2 _aebrary, Inc.
856 4 0 _uhttp://site.ebrary.com/lib/rucke/Doc?id=10660362
_zAn electronic book accessible through the World Wide Web; click to view
999 _c170734
_d170734